<?xml version="1.0" encoding="UTF-8"?>
<record
    xmlns:xsi="http://www.w3.org/2001/XMLSchema-instance"
    xsi:schemaLocation="http://www.loc.gov/MARC21/slim http://www.loc.gov/standards/marcxml/schema/MARC21slim.xsd"
    xmlns="http://www.loc.gov/MARC21/slim">

  <leader>02495nam a2200361   4500</leader>
  <controlfield tag="001">338</controlfield>
  <controlfield tag="003">OSt</controlfield>
  <controlfield tag="005">20250528074018.0</controlfield>
  <controlfield tag="008">250328b        |||||||e |||| 00| 1 eng d</controlfield>
  <datafield tag="040" ind1=" " ind2=" ">
    <subfield code="b">por</subfield>
  </datafield>
  <datafield tag="041" ind1=" " ind2=" ">
    <subfield code="h">eng</subfield>
    <subfield code="a">por</subfield>
  </datafield>
  <datafield tag="082" ind1=" " ind2=" ">
    <subfield code="a">823</subfield>
    <subfield code="b">W913m</subfield>
  </datafield>
  <datafield tag="100" ind1="1" ind2=" ">
    <subfield code="a">Woolf, Virginia,</subfield>
    <subfield code="d">1882-1941.</subfield>
    <subfield code="9">701</subfield>
  </datafield>
  <datafield tag="240" ind1=" " ind2=" ">
    <subfield code="a">Mrs. Dalloway - Orlando a Biography</subfield>
  </datafield>
  <datafield tag="245" ind1=" " ind2=" ">
    <subfield code="a">Mrs. Dalloway - Orlando / </subfield>
    <subfield code="c">Woolf, Virg&#xED;nia ; Tradu&#xE7;&#xE3;o de Mario Quintana e Cec&#xED;lia Meireles</subfield>
  </datafield>
  <datafield tag="260" ind1=" " ind2=" ">
    <subfield code="a">S&#xE3;o Paulo</subfield>
    <subfield code="b">Abril</subfield>
    <subfield code="c">1972</subfield>
  </datafield>
  <datafield tag="300" ind1=" " ind2=" ">
    <subfield code="a">189 p. </subfield>
    <subfield code="b">(Mrs. Dalloway)</subfield>
  </datafield>
  <datafield tag="300" ind1=" " ind2=" ">
    <subfield code="a">220 p.</subfield>
    <subfield code="b">(Orlando)</subfield>
  </datafield>
  <datafield tag="490" ind1="1" ind2=" ">
    <subfield code="a">Os imortais da Literatura Universal</subfield>
    <subfield code="v">vol. 45</subfield>
  </datafield>
  <datafield tag="520" ind1=" " ind2=" ">
    <subfield code="a">Considerado uma obra-prima, Mrs. Dalloway conta uma hist&#xF3;ria das mais simples, que poderia ser resumida de forma banal na express&#xE3;o "um dia na vida de uma mulher". Atrav&#xE9;s da percep&#xE7;&#xE3;o do que se passa em torno e dentro de Clarissa Dalloway, Virginia Woolf escreveu, na verdade, a hist&#xF3;ria da crise de um indiv&#xED;duo, de uma classe, de uma sociedade e a do pr&#xF3;prio romance.</subfield>
  </datafield>
  <datafield tag="520" ind1=" " ind2=" ">
    <subfield code="a">Em Orlando: Uma Biografia, que Virginia Woolf considerava &#x201C;simples brincadeira de crian&#xE7;a&#x201D;, &#x201C;as f&#xE9;rias de uma autora&#x201D;, &#x201C;uma escapadela depois desses livros s&#xE9;rios de experimenta&#xE7;&#xE3;o po&#xE9;tica, t&#xE3;o exigentes em mat&#xE9;ria de forma&#x201D;, &#x201C;uma narrativa ao g&#xEA;nero de Defoe&#x201D; para diverti-la, ela brinca com toda a seriedade n&#xE3;o apenas com o leitor, a literatura e a pessoa biografada (no mundo chamado real, sua amiga e amante, Vita-Sackville West). Do mesmo modo que uma crian&#xE7;a brinca (tamb&#xE9;m com toda a seriedade) a fim de apreender o mundo em que vive e aprender a lidar com ele, ela busca captar nuances do ser a partir de temas como a hist&#xF3;ria, as conven&#xE7;&#xF5;es sociais, as leis que governam os homens, os costumes de seu pa&#xED;s, a pol&#xED;tica, o amor, o poder, a morte, o casamento, a busca de liberdade, a fantasia e a realidade, a busca de uma unidade identit&#xE1;ria, a pluralidade de &#x201C;eus&#x201D;, as diferen&#xE7;as de sexo e g&#xEA;nero, a natureza e a civiliza&#xE7;&#xE3;o, o tempo, a geografia. E, mais que tudo, a pr&#xF3;pria literatura.</subfield>
  </datafield>
  <datafield tag="650" ind1=" " ind2="0">
    <subfield code="a">Literatura Inglesa</subfield>
    <subfield code="9">89</subfield>
  </datafield>
  <datafield tag="650" ind1=" " ind2="0">
    <subfield code="a">Emponderamento </subfield>
    <subfield code="9">32</subfield>
  </datafield>
  <datafield tag="650" ind1=" " ind2="0">
    <subfield code="a">Drama</subfield>
    <subfield code="9">18</subfield>
  </datafield>
  <datafield tag="650" ind1=" " ind2="0">
    <subfield code="a">Psicol&#xF3;gico</subfield>
    <subfield code="9">85</subfield>
  </datafield>
  <datafield tag="650" ind1=" " ind2="0">
    <subfield code="a">Cl&#xE1;ssicos</subfield>
    <subfield code="9">77</subfield>
  </datafield>
  <datafield tag="655" ind1=" " ind2="0">
    <subfield code="a">Romance</subfield>
    <subfield code="9">23</subfield>
  </datafield>
  <datafield tag="655" ind1=" " ind2="0">
    <subfield code="a">Fic&#xE7;&#xE3;o </subfield>
    <subfield code="9">22</subfield>
  </datafield>
  <datafield tag="700" ind1=" " ind2=" ">
    <subfield code="a">M&#xE1;rio Quintana</subfield>
    <subfield code="9">506</subfield>
    <subfield code="e">tradu&#xE7;&#xE3;o</subfield>
  </datafield>
  <datafield tag="700" ind1=" " ind2=" ">
    <subfield code="a">Cec&#xED;lia Meireles</subfield>
    <subfield code="e">Tradu&#xE7;&#xE3;o</subfield>
    <subfield code="9">702</subfield>
  </datafield>
  <datafield tag="830" ind1=" " ind2=" ">
    <subfield code="a">Os Imortais da Literatura Universal</subfield>
    <subfield code="9">461</subfield>
    <subfield code="v">vol. 45</subfield>
  </datafield>
  <datafield tag="942" ind1=" " ind2=" ">
    <subfield code="2">ddc</subfield>
    <subfield code="n">0</subfield>
    <subfield code="c">BK</subfield>
  </datafield>
  <datafield tag="952" ind1=" " ind2=" ">
    <subfield code="0">0</subfield>
    <subfield code="1">0</subfield>
    <subfield code="2">ddc</subfield>
    <subfield code="4">0</subfield>
    <subfield code="7">0</subfield>
    <subfield code="8">FIC</subfield>
    <subfield code="a">BIBIB</subfield>
    <subfield code="b">BIBIB</subfield>
    <subfield code="c">LE</subfield>
    <subfield code="d">2025-03-28</subfield>
    <subfield code="e">doa&#xE7;&#xE3;o</subfield>
    <subfield code="l">0</subfield>
    <subfield code="o">823 / W913m</subfield>
    <subfield code="p">2025-17292</subfield>
    <subfield code="r">2025-03-28 10:42:09</subfield>
    <subfield code="w">2025-03-28</subfield>
    <subfield code="y">BK</subfield>
  </datafield>
  <datafield tag="999" ind1=" " ind2=" ">
    <subfield code="c">338</subfield>
    <subfield code="d">338</subfield>
  </datafield>
</record>
